000 00515nam a22001697a 4500
005 20251108175402.0
008 250721s2013 xx 000 0 ara d
082 1 4 _a616.97/حجا
100 1 _aحجازي، احمد توفيق
245 1 0 _aالحساسية : علاجات من الأعشاب و وصفات طبيعية /
264 1 _aعمان :
_bدار زهران،
_c2013.
300 _a72 ص.
650 1 7 _aالأمراض
650 1 7 _aالحساسية (مرض )
942 _2ddc
_cBK
999 _c132881
_d132881